The future of the built environment professions (Record no. 73019)

MARC details
000 -LEADER
fixed length control field 01101cam a2200217 4500
001 - CONTROL NUMBER
control field WB3926-15
008 - FIXED-LENGTH DATA ELEMENTS--GENERAL INFORMATION
fixed length control field 030709n2003 000 0 eng u
035 ## - SYSTEM CONTROL NUMBER
System control number (Sirsi) u122968
245 #4 - TITLE STATEMENT
Title The future of the built environment professions
260 ## - PUBLICATION, DISTRIBUTION, ETC.
Date of publication, distribution, etc. 2003
490 ## - SERIES STATEMENT
Series statement RIBA Press Release
520 ## - SUMMARY, ETC.
Summary, etc. Building Futures, a joint CABE and RIBA initiative, has published a new study "The professionals' choice: the future of the built environment", which examines the pressures that the construction industry professions currently face and investigates possible alternative futures. It sets out the challenges to the professionals, their professional bodies and the educators of the next generation. The report is available from http://www.buildingfutures.org.uk . http://www.riba.org/go/RIBA/News/Press_2704.html.
590 ## - LOCAL NOTE (RLIN)
Local note WB
650 ## - SUBJECT ADDED ENTRY--TOPICAL TERM
Topical term or geographic name entry element BUILT ENVIRONMENT
650 ## - SUBJECT ADDED ENTRY--TOPICAL TERM
Topical term or geographic name entry element CONSTRUCTION INDUSTRY
650 ## - SUBJECT ADDED ENTRY--TOPICAL TERM
Topical term or geographic name entry element PROFESSIONAL BODIES
650 ## - SUBJECT ADDED ENTRY--TOPICAL TERM
Topical term or geographic name entry element PROFESSIONAL EDUCATION AND TRAINING
650 ## - SUBJECT ADDED ENTRY--TOPICAL TERM
Topical term or geographic name entry element ARCHITECTS
690 ## - LOCAL SUBJECT ADDED ENTRY--TOPICAL TERM (OCLC, RLIN)
Topical term or geographic name as entry element MANAGEMENT-BUSINESS MANAGEMENT-PROFESSIONAL PRACTICE
942 ## - ADDED ENTRY ELEMENTS (KOHA)
Suppress in OPAC 0
Holdings
Withdrawn status Lost status Source of classification or shelving scheme Damaged status Not for loan Home library Current library Shelving location Date acquired Total Checkouts Full call number Barcode Date last seen Copy number Price effective from Koha item type
    Dewey Decimal Classification     London London News article 09/07/2003   WB3926-15 122968-1001 06/08/2019 1 06/08/2019 News article